| 000 | 00451cam a2200169ua 4500 | ||
|---|---|---|---|
| 020 | _c375.00 | ||
| 041 |
_aeng _h |
||
| 082 |
_a658.562 _bBES/TO |
||
| 100 | _aBesterfield, Dale H etal. . | ||
| 245 |
_aTotal quality management / _cDale H Besterfield. _hTextual Documents |
||
| 260 |
_aNew Delhi : _bPrentice Hall of India Pvt Ltd. , _c2007. |
||
| 300 | _a640 ; . | ||
| 365 | _a375.00 | ||
| 504 | _a | ||
| 942 | _cBK | ||
| 999 |
_c13125 _d13125 |
||